Central Library OPAC University of Rajshahi

Privatization in Latin America : (Record no. 58836)

MARC details
000 -LEADER
fixed length control field 01111nam a2200289 a 4500
001 - CONTROL NUMBER
control field 58836
003 - CONTROL NUMBER IDENTIFIER
rucl marc code BD-RjUL
005 - DATE AND TIME OF LATEST TRANSACTION
control field 20211209080649.0
008 - FIXED-LENGTH DATA ELEMENTS--GENERAL INFORMATION
fixed length control field 161220s2005 caua b 001 0 eng d
020 ## - INTERNATIONAL STANDARD BOOK NUMBER
International Standard Book Number 0821358820 (World rights except North America)
International Standard Book Number 0804752427 (soft cover : North America)
International Standard Book Number 0804752419 (hard cover : North America)
035 ## - SYSTEM CONTROL NUMBER
System control number (BD-RjUL) 58960
040 ## - CATALOGING SOURCE
Original cataloging agency DLC
Transcribing agency DLC
Modifying agency DLC
-- BD-RjUL
Language of cataloging eng
041 ## - LANGUAGE CODE
Language code of text/sound track or separate title eng
082 00 - DEWEY DECIMAL CLASSIFICATION NUMBER
Classification number 338.9805
Edition number 23
Author mark and year PRI 2005
245 00 - TITLE STATEMENT
Title Privatization in Latin America :
Remainder of title myths and reality /
Statement of responsibility, etc. edited by Alberto Chong and Florencio Lopez de Silanes
260 ## - PUBLICATION, DISTRIBUTION, ETC. (IMPRINT)
Place of publication, distribution, etc. Palo Alto, CA :
Name of publisher, distributor, etc. Stanford Economics and Finance ;
Place of publication, distribution, etc. Washington, DC :
Name of publisher, distributor, etc. World Bank,
Date of publication, distribution, etc. c2005.
300 ## - PHYSICAL DESCRIPTION
Pagination xix, 506 p. :
Illustrations ill. ;
Size 23 cm.
490 1# - SERIES STATEMENT
Series statement Latin American development forum series
504 ## - BIBLIOGRAPHY, ETC. NOTE
Bibliography, etc Includes bibliographical references and index.
650 #0 - SUBJECT ADDED ENTRY--TOPICAL TERM
Topical term or geographic name as entry element Privatization
Geographic subdivision Latin America.
9 (RLIN) 174933
700 1# - ADDED ENTRY--PERSONAL NAME
Personal name Chong, Alberto.
Personal name Lopez-de-Silanes, Florencio.
830 #0 - SERIES ADDED ENTRY--UNIFORM TITLE
Uniform title Latin American development forum.
942 ## - ADDED ENTRY ELEMENTS (KOHA)
Source of classification or shelving scheme Dewey Decimal Classification
Koha item type Books
Holdings
Lost status Source of classification or shelving scheme Damaged status Not for loan Collection code Permanent Location Current Location Shelving location Date acquired Source of acquisition Total Checkouts Full call number Date last seen Copy number Koha item type
  Dewey Decimal Classification   Not For Loan Non-fiction Central Library, University of Rajshahi Central Library, University of Rajshahi Reading Room 21/04/2007 Japan Embassy   338.9805 PRI 2005 20/12/2016 C-1 Books